Statistics for Oops - Little mix ft. Charlie Puth, lyrics

Click here to take the quiz!

General Stats

  • This quiz has been taken 6 times
  • The average score is 223 of 344

Answer Stats

Answer% Correct
Baby
100%
Baby,
100%
Be
100%
Bed
100%
I
100%
In
100%
My
100%
Need
100%
Oops,
100%
Up,
100%
Up
100%
Woke
100%
You?”
100%
You
100%
You,
100%
A
75%
Accidentally
75%
As
75%
Better
75%
Broke
75%
Do
75%
Dont
75%
Don’t
75%
Friends
75%
Know
75%
Love
75%
No,
75%
Now
75%
To
75%
We
75%
We’re
75%
What
75%
And
50%
Body
50%
‘Cause
50%
Could
50%
Every
50%
It
50%
Mistake
50%
Of
50%
Off
50%
So,
50%
Started
50%
The
50%
Think
50%
This
50%
Touch
50%
“What’s
50%
When
50%
With
50%
About
25%
Around
25%
Can
25%
Can’t
25%
Caught
25%
Come
25%
Enough
25%
Fun
25%
Get
25%
Good
25%
Got
25%
Greatest
25%
Had
25%
How
25%
If
25%
I’m
25%
Like
25%
Long
25%
Me,
25%
Me
25%
Messed
25%
Morning
25%
Next
25%
Oh,
25%
Out
25%
Run
25%
Singing
25%
Some
25%
That
25%
Time
25%
Turns
25%
Wait
25%
Way
25%
Whishing
25%
Would
25%
You’ve
25%
Again?
0%
Day
0%
Feelings
0%
Goodbye
0%
Guess
0%
It’s
0%
I’ve
0%
Lost
0%
Machine
0%
More
0%
New
0%
Nothing
0%
Official,
0%
One
0%
Said
0%
Take
0%
Tell
0%
Than
0%
These
0%
Too
0%
Try
0%
Was
0%
Yeah,
0%
You’re
0%

Score Distribution

Percentile by Number Answered

Percent of People with Each Score

Your Score History

You have not taken this quiz